Регионална библиотека "Любен Каравелов" - Русе

Психология на свободата и ситуацията на социална промяна (Запис номер 104580)

MARC детайли
000 -Лидер
Контролно поле с фиксирана дължина 02826nam a2200445 c 4500
003 - Код на организацията, давaща контролен номер
Контролно поле BLK
005 - Дата и час на последна редакция
Контролно поле 20180422105615.0
008 - Елементи от данни с фиксирана дължина
fixed length control field 180409b bul|||||r ||||||| ||bul||
010 ## - Наследен системен номер
LC control number KNG00109687000
020 ## - Международен стандартен номер на книга ISBN
Международен стандартен номер на книга ISBN 954-430-935-7
-- издат.: Акад. изд. Проф. Марин Дринов
040 ## - Източник на каталожния запис
Идентификатор на билиотеката - собственик на записа BLK
041 ## - Код за език
Код за езика на текст/звукозапис или на отделно заглавие Български
Код за езика КДБФ Български
080 ## - УДК
Текстов определител УДК Воля. Желание. Свобода на волята. Избор. Решение. Възпитаване на волята. Детерминация. Самодисциплина. Намерения. Подбуди. Желания
УДК код - определител по УДК 159.947
УДК определител
УДК - код + определител 159.947
080 ## - УДК
Текстов определител УДК Социално поведение. Девиантно поведение. Социална патология. Активност и пасивност, конвенционално поведение, мотивация, потребности, стремежи
УДК код - определител по УДК 316.62
УДК определител
УДК - код + определител 316.62
080 ## - УДК
Текстов определител УДК Социални въпроси в цялост. Критика на социалната организация. Социални реформо(общо). Практически социални проблеми. Социална политика (общи въпроси). Вж и 141.82;308;331;351.83
УДК код - определител по УДК 304
УДК определител (497.2)
УДК - код + определител 304(497.2)
100 1# - Редна дума - Автор
Автор Божинова, Румяна
Авторска отговорност първи автор
R(LIN) 309963
139 ## - Редно поле
Редна дума Божинова, Румяна
Авторски знак Бож - Б 56
245 10 - Сведения за заглавието
Заглавие Психология на свободата и ситуацията на социална промяна
Редно поле (дума) Румяна Божинова; предг. от Ангел Илиев Величков; * Румяна Божинова Манова.
257 ## - Страна на издаване
Страна на създаване/издаване България
260 ## - Област на издателските данни
-- София
Име на издателя, разпространителя и проч. Акад. изд. Проф. Марин Дринов
Година на издаване 2003
300 ## - Физическа характеристика
Страници 175 с.
Илюстрации и др. с диагр., табл.
Размери/Мащаб 20 см
380 ## - Жанр
Жанр Философия
500 ## - Общи забележки
Забележка Пълното име на авт. е Румяна Божинова Манова. - Изд. на БАН. Инст. по психология. - Офс. изд. - Библиогр. с. 164-172.
650 #4 - Допълнително описание по предмет – тема
Основно описание – тема или топоним Свобода (филос.)
9 (RLIN) 247404
650 #4 - Допълнително описание по предмет – тема
Основно описание – тема или топоним Личност и общество
9 (RLIN) 243183
650 #4 - Допълнително описание по предмет – тема
Основно описание – тема или топоним България - обществено устройство и обществени отношения
9 (RLIN) 263904
650 #4 - Допълнително описание по предмет – тема
Основно описание – тема или топоним Социална психология
9 (RLIN) 243161
653 ## - Ключова дума – ненормативна
Ключова дума свобода
653 ## - Ключова дума – ненормативна
Ключова дума свобода на личността
653 ## - Ключова дума – ненормативна
Ключова дума обществено устройство
653 ## - Ключова дума – ненормативна
Ключова дума социална психология
653 ## - Ключова дума – ненормативна
Ключова дума България
700 1# - Други автори (авторска отговорност)
Лично име Величков, Ангел Илиев
Автороска отговорност (Описва отношението между автора и произведението) предг. от
9 (RLIN) 375113
700 1# - Други автори (авторска отговорност)
Лично име Манова, Румяна Божинова
Автороска отговорност (Описва отношението между автора и произведението) *
9 (RLIN) 309964
852 ## - Местоположение
Форматна сигнатура Цб 217166
856 4# - Електронен адрес и достъп
Електронен формат pdf - файл
Път до файла /url/
856 4# - Електронен адрес и достъп
Електронен формат pdf - файл
Път до файла /url/
942 ## - АРТИКУЛИ
Вид на библиотечния материал Книги
Скрит в OPAC Не
944 ## - СЪЗДАВАНЕ И РЕДАКЦИЯ на ЗАПИСА
Създаване/Редакция Създаване
Дата на регистрацията/редакция 15.12.2003
Служител, извършил регистрацията/редакцията Людмила_Стоянова
944 ## - СЪЗДАВАНЕ И РЕДАКЦИЯ на ЗАПИСА
Създаване/Редакция Редакция
Дата на регистрацията/редакция 25.05.2004
Служител, извършил регистрацията/редакцията
999 ## - СИСТЕМНИ КОНТРОЛНИ НОМЕРА
Koha biblionumber 104580
Koha biblioitemnumber 104580
Наличности
Код за отписване Код за изгубен артикул Код за повреда Коз за рестрикции Код за отдаване Артикулен № Име на библиотеката - собственик Име на библиотеката, в която се намира в момента Статус (Текущо местоположение) Дата на вписване в системата Местоположение - отдел Цена в лева Инвентарен номер Систематично азбучна сигнатура Баркод Номер на екземпляра Цена в евро Служебна бележка Служебен тип на артикула
  Не е изгубен Не е повреден без рестрикции ползва се в читалня 168928 Регионална библиотека "Любен Каравелов" Русе Регионална библиотека "Любен Каравелов" Русе Читалня 2003-12-15 Читалня 6.00 120000681005 Ч 159.9/Б 56 120000681005 1 3.07 Дост: Pk Вид: Ф N: 154 Дата: 15.12.2003 Дата инв: 21.03.2017 Бележки инв: Ч2017 Книги
  Не е изгубен Не е повреден без рестрикции ползва се в читалня 168929 Регионална библиотека "Любен Каравелов" Русе Регионална библиотека "Любен Каравелов" Русе Хранилище 2004-05-03 Хранилище 0.00 120000685106 Цб 217166 120000685106 2 0.00 Дост: Dp Вид: Д N: 26 Дата: 18.06.2003 Книги
Vip Innovations Ltd, Rousse, Bulgaria 2025